| 000 | 00765cab a2200241 4500 | ||
|---|---|---|---|
| 001 | WB3202-43 | ||
| 008 | 090401t1996 xxu||||| |||| 00| 0 eng d | ||
| 035 | _a(Sirsi) u61589 | ||
| 041 | _aeng | ||
| 245 | _aConrad Ritblat buys Colliers Erdman Lewis | ||
| 260 | _c1996 | ||
| 350 | _a0 | ||
| 490 |
_aEstates Gazette _v(9601) 6 January 1996, 37(1) |
||
| 520 | _aConrad Ritblat has succeeded in acquiring Colliers Erdman Lewis and will run the company as a separate operation for the forseeable future. | ||
| 650 | _aCOLLIERS ERDMAN LEWIS | ||
| 650 | _aCONRAD RITBLAT | ||
| 650 | _aRECEIVERSHIP | ||
| 650 | _aSURVEYING FIRMS | ||
| 650 | _aTAKEOVER | ||
| 690 | _aMANAGEMENT-BUSINESS MANAGEMENT-PROFESSIONAL PRACTICE | ||
| 942 | _n0 | ||
| 948 | _c04/03/1997 | ||
| 999 |
_c38187 _d38187 |
||